|
|
|
|
| LEADER |
00000nab a2200000Ia 4500 |
| 001 |
vtls010712586 |
| 003 |
SK-MaSNL |
| 005 |
20260304194338.0 |
| 008 |
250709|1988 xo |||||||||||||||||slo| |
| 035 |
|
|
|a (urnnbn)urn:nbn:sk:snk:ar-a048es
|
| 035 |
|
|
|a (uuid)80ea212d-2632-404d-ad37-64f48689aaa0
|
| 035 |
|
|
|a urn:nbn:sk:snk-ab3fh9
|
| 040 |
|
|
|a SNKBUCL
|b slo
|c SNKBUCL
|e AACR2
|
| 041 |
0 |
|
|a slo
|
| 044 |
|
|
|a xo
|c SK
|
| 080 |
|
|
|a (82+83) (miestne určenie)
|2 2001
|
| 080 |
|
|
|a 796.52
|2 2001
|
| 100 |
1 |
|
|a Karo, Silvo,
|d 1960-
|4 aut
|9 50262
|
| 245 |
1 |
0 |
|a Prvovýstup južnou stenou CERRO TORRE
|c Silvo Karo
|
| 648 |
|
7 |
|a 25.10.1987
|2 SNK
|9 1528652
|
| 650 |
0 |
7 |
|a horolezectvo
|2 SNKPH
|9 1050
|
| 651 |
|
7 |
|a Patagónia (Argentína a Čile)
|2 SNKPH
|9 86763
|
| 773 |
0 |
|
|t Iamesák : spravodaj Slovenského horolezeckého zväzu IAMES
|g Roč. 20, č. 2 (1988), s. 41-44
|
| 850 |
|
|
|a Slovenská národná knižnica
|
| 852 |
|
|
|a Slovenská národná knižnica
|
| 958 |
|
|
|a article1
|
| 958 |
|
|
|a OND
|
| 999 |
|
|
|c 3073739
|d 3075669
|